An introduction to monetary theory and policy

Saved in:
Bibliografiske detaljer
Hovedforfatter: Wrightsman, Dwayne (Author)
Format: Bog
Sprog:engelsk
Udgivet: Nueva York Free Press 1976
Udgivelse:2a. ed
Fag:
Tags: Tilføj Tag
Ingen Tags, Vær først til at tagge denne postø!

MARC

LEADER 00000nam a2200000 a 4500
001 UCR8720
003 CL-VaPUC
008 980529e19760000US |||||||||||||||||eng|d
082 0 4 |a 332.46  |b WRI  |2 21 
100 0 |a Wrightsman, Dwayne  |e author  |9 410833 
245 1 3 |a An introduction to monetary theory and policy 
250 |a 2a. ed 
300 |a 338 p 
942 |c BK 
945 |d 19980529 00:00:00  |a crobeson 
260 |a Nueva York  |b Free Press  |c 1976 
650 0 |a Política monetaria  |9 258279 
650 7 |a TEORIA ECONOMIA  |2 CL-VaPUC  |9 410834 
650 0 |a Dinero  |9 314331 
583 |a last modification  |c 19980529 00:00:00  |k Rodrigo Vera 
999 |c 270115  |d 270113